Coupe du monde : France - Argentine - Statistiques

Statistiques générales
  • Ce quiz a été pris 463 fois
  • Le résultat moyen est 10 sur 15
Statistiques - réponses
Question Réponse % Correct
Gardien de l’Argentine Emiliano Martinez
98%
Citez un attaquant de l’Argentine Lionel Messi
88%
Gardien de la France Hugo Lloris
77%
Milieu de l’Argentine ( citez en un ) Rodrigo De Paul
77%
Attaquant de la France (citez en un) Kyllian Mbappé
75%
Défenseur central de l’Argentine ( citez en un ) Cristian Romero
74%
Milieu de la France ( citez en un ) Antoine Griezmann
73%
Défenseur central de la France (citez en un ) Raphaël Varane
73%
Score final 3-3
72%
Défenseur gauche de la France Théo Hernandez
70%
Défenseur droit de la France Jules Koundé
69%
Score des tirs au but 4-2
63%
Défenseur gauche de l’Argentine Nicolas Tagliafico
52%
Défenseur droit de l’Argentine Nahuel Molina
42%
Joueur argentin provoquant le premier penalty des bleus Nicolas Otamendi
34%
Aucun quiz correspondant
Distribution des résultats
% des personnes avec chaque résultat
Percentile par nombre de réponses
Votre historique - résultats
Vous n’avez pas pris ce quiz